000 00301nam a22001337a 4500
008 170612b xxu||||| |||| 00| 0 eng d
020 _a0915220180
041 _aeng
080 _a324
100 _a19
101 _aSHP
245 _aH.L MENCKEN ON THE 1949 ELECTION
_cGOULDEN, J.C
942 _2udc
_cBK
999 _c16968
_d16968